The cohomology of Chevalley groups of exceptional Lie type

Αποθηκεύτηκε σε:
Λεπτομέρειες βιβλιογραφικής εγγραφής
Κύριος συγγραφέας: Kleinerman, Samuel N. 1949-
Μορφή: Βιβλίο
Γλώσσα:English
Δημοσίευση: Providence, R.I., USA : American Mathematical Society, c1982
Σειρά:Memoirs of the American Mathematical Society ; ; 268
Θέματα:
Ετικέτες: Προσθήκη ετικέτας
Δεν υπάρχουν, Καταχωρήστε ετικέτα πρώτοι!

MARC

LEADER 00000cam a2200000 i 4500
001 1/49491
008 941103s1982 eng d
020 |a 0821822683 
035 |l 10043621 
040 |a GR-MY-UA  |b gre  |e aacr 
041 0 |a eng 
082 0 |a 512.55  |2 (19) 
100 1 |a Kleinerman, Samuel N.  |d 1949- 
245 1 4 |a The cohomology of Chevalley groups of exceptional Lie type /  |c Samuel N. Kleinerman 
260 |a Providence, R.I., USA :   |b American Mathematical Society,   |c c1982 
300 |a viii, 82 p.;  |c 26 cm 
490 1 |a Memoirs of the American Mathematical Society  |v ; 268 
500 |a "September 1982, volume 39." 
500 |a Originally presented as the author's Ph.D. thesis 
504 |a Bibliography: p. 82 
650 0 0 |a Chevalley groups. 
650 0 0 |a Lie groups. 
650 0 0 |a Homology theory. 
830 0 |a Memoirs of the American Mathematical Society ;  |v ; 268 
852 |a INST  |b SAMOS  |e 19941103  |h 512.55 KLE  |p 005300007724  |q 005300007724  |t BK  |y 0 
909 |a Σ  |b 033570